Bibah, pariyal aru atmiyata (GEC3)/ (Record no. 11922)

MARC details
000 -LEADER
fixed length control field 00644nam a22002177a 4500
005 - DATE AND TIME OF LATEST TRANSACTION
control field 20260515115037.0
008 - FIXED-LENGTH DATA ELEMENTS--GENERAL INFORMATION
fixed length control field 240907b |||||||| |||| 00| 0 eng d
020 ## - INTERNATIONAL STANDARD BOOK NUMBER
International Standard Book Number 9788197460333
040 ## - CATALOGING SOURCE
Original cataloging agency IN-DiNC
Transcribing agency IN-DiNC
041 ## - LANGUAGE CODE
Language code of sung or spoken text asm
082 ## - DEWEY DECIMAL CLASSIFICATION NUMBER
Classification number 306.8
Item number KON
100 ## - MAIN ENTRY--PERSONAL NAME
Personal name Konwar, Urbashi
Relator term author
245 ## - TITLE STATEMENT
Title Bibah, pariyal aru atmiyata (GEC3)/
Statement of responsibility, etc. by Urbashi Konwar, Beauty Begum and Rajdeep Mahanta
250 ## - EDITION STATEMENT
Edition statement 1st ed.
260 ## - PUBLICATION, DISTRIBUTION, ETC.
Place of publication, distribution, etc. Dibrugarh:
Name of publisher, distributor, etc. Mahaveer publications,
Date of publication, distribution, etc. 2024.
300 ## - PHYSICAL DESCRIPTION
Extent 232p.
650 ## - SUBJECT ADDED ENTRY--TOPICAL TERM
Topical term or geographic name entry element Marriage, family and kinship
700 ## - ADDED ENTRY--PERSONAL NAME
Personal name Begum, Beauty
Relator term author
700 ## - ADDED ENTRY--PERSONAL NAME
Personal name Mahanta, Rajdeep
Relator term author
942 ## - ADDED ENTRY ELEMENTS (KOHA)
Source of classification or shelving scheme Dewey Decimal Classification
Koha item type Books
Holdings
Withdrawn status Lost status Source of classification or shelving scheme Damaged status Not for loan Collection Home library Current library Shelving location Date acquired Cost, normal purchase price Total checkouts Full call number Barcode Date last seen Date last checked out Copy number Price effective from Koha item type
    Dewey Decimal Classification       Naharkatiya College Library Naharkatiya College Library General stacks 09/07/2024 225.00 7 306.8 KON 30419 11/26/2025 10/29/2025 1 09/07/2024 Books
    Dewey Decimal Classification       Naharkatiya College Library Naharkatiya College Library General stacks 09/07/2024 225.00 6 306.8 KON 30420 10/08/2025 09/16/2025 2 09/07/2024 Books
    Dewey Decimal Classification       Naharkatiya College Library Naharkatiya College Library General stacks 03/22/2025 225.00 3 306.8 KON 30432 11/07/2025 10/25/2025 3 03/22/2025 Books